00358nam a2200133 a 450000500170000000800410001702000180005805000230007610000200009924500530011926000310017230000070020365000140021020140412111414.0070706s19uu xx 00 eng d a1-86007-110-4 aM 551.21bSt3 1999 aSteele , Philip aVolcanoes :bNatural Disasters /cPhilip Steele. aUK :bTicktock pub,c1999. a31 aVolcanoes